00537nam a2200181Ia 4500020001800000020001500018040000800033082002600041100001600067245006200083260007600145300003400221650002000255650002000275650001300295700002600308700002100334 a9789251060063 a9251060061 cOSU a639 FOO 2008 A045 Or.1 aLee, Ronald10aBivalve depuration :bfundamental and practical aspects / aRome :bFood and Agriculture Organization of the United Nations,cc2008 axvii, 139 p. :bill. ;c30 cm 0aBivalve culture 0aMollusk culture 0aBivalves1 aLovatelli, Alessandro1 aAbabouch, Lahsen